| 000 | 00847nas a2200265 4500 | ||
|---|---|---|---|
| 001 | BR0904971 | ||
| 003 | BR-BrBNA | ||
| 005 | 20231205113555.0 | ||
| 007 | ta | ||
| 008 | 230509b bl.|||p| |||| 00| 00por d | ||
| 040 |
_aBR-BrBNA _bpor _cBiblioteca Nacional de Agricultura |
||
| 041 | _a(Pt) | ||
| 072 | _aP40 | ||
| 100 | 1 | _aVieira Junior, P.A. | |
| 100 | 1 | _aDourado Neto, D. | |
| 100 | 1 | _aChou, S.C. | |
| 100 | 1 | _aMartin, T.N. | |
| 245 | 1 | _aPrevisões meteorológicas do Modelo Eta para subsidiar o uso de modelos de previsão agrícola no Centro-Sul do Brasil | |
| 650 | _aPRECIPITAÇÃO PLUVIAL | ||
| 650 | _aMETEOROLOGIA | ||
| 650 | _aREGIÃO CENTRO- SUL | ||
| 773 | 0 |
_tCiência Rural (Brazil) _xISSN 0103-8478 _g(Mar-Apr 2009), v. 39(2) p. 412-420 _wBR0904971 |
|
| 909 |
_a202311 _bLúcia _c55 _dLúcia Elande |
||
| 942 |
_2AGRIS _n0 _cANA |
||
| 999 |
_c204509 _d204509 |
||